| 000 | 00361nam a22001457a 4500 | ||
|---|---|---|---|
| 003 | OSt | ||
| 008 | 240827b |||||||| |||| 00| 0 eng d | ||
| 020 | _a9788122310207 | ||
| 082 |
_a294.59 _bNAC |
||
| 100 | _aNAIR, shantha n | ||
| 245 | _aChoice of Ancient Indian Wisdom | ||
| 260 |
_aNew Delhi: _bHindoology Boks, _c2008. |
||
| 300 | _a306p. | ||
| 942 |
_2ddc _cBK |
||
| 999 |
_c12826 _d12826 |
||